00830 2200205 4500001002100000005001500021035002000036245021900056100011000275300002000385260003500405082001200440084001800452008004100470650004900511990001600560990001600576990001600592990001600608INLIS00000000000225520240103114947 a0010-01240000031 aPeraturan Menteri Dalam Negeri Nomor 17 Tahun 2007 Tentang Pedoman Teknis Pengelolaan Barang Milik Daerah /cPeraturan Menteri Dalam Negeri Nomor 17 Tahun 2007 Tentang Pedoman Teknis Pengelolaan Barang Milik Daerah0 aPeraturan Menteri Dalam Negeri Nomor 17 Tahun 2007 Tentang Pedoman Teknis Pengelolaan Barang Milik Daerah a372 hlm :bilus aBandung :bCitra Umbara,c2007 a350 (R) a350 (R) PER p240103 0  4aPedoman Teknis Pengolaan Barang Milik Daerah a00000006417 a00000006418 a00000005964 a00000005970